Companies Coca Cola Own - Statistics

General Stats
  • This quiz has been taken 62 times
  • The average score is 3 of 10
Answer Stats
Hint Answer % Correct
Lemon & Lime Sprite
91%
Orange Fanta
82%
Energy Monster
45%
Water Smartwater
15%
Ice Tea Fuze Tea
11%
Smoothies Innocent
11%
Coffee Costa Coffee
9%
Dairy Fairlife
7%
Apple Appletiser
5%
Mixed Fruit Oasis
5%
No matching quizzes found
Score Distribution
Percent of People with Each Score
Percentile by Number Answered
Your Score History
You have not taken this quiz